00970cam a2200277 a 450000100060000000300080000600500170001400800410003102000380007202000450011003500140015504000230016904100080019208200240020024500720022426000460029630000360034250000200037850400290039865000200042765000220044765000360046970000240050585600890052985600740061874724BD-RjUL20211209082607.0890202s1989 dcua b 001 0 eng  a0933280874 (alk. paper) :c$34.95 a0933280866 (pbk. : alk. paper) :c$19.95 a(BD-RjUL) aDLCcDLCdDLCbeng aeng00a551.6223bCHA 198904aThe Challenge of global warming /cedited by Dean Edwin Abrahamson. aWashington, D.C. :bIsland Press,cc1989. axviii, 358 p. :bill. ;c24 cm. aIncludes index. aBibliography: p. 327-336 0aGlobal warming. 0aClimatic changes. 0aGreenhouse effect, Atmospheric.1 aAbrahamson, Dean E.423Publisher descriptionuhttp://www.loc.gov/catdir/enhancements/fy0701/89001830-d.html413Table of contentsuhttp://www.loc.gov/catdir/toc/fy0801/89001830.html